000 00670nam a22001937a 4500
005 20260410082024.0
008 260410b |||||||| |||| 00| 0 eng d
040 _aLC
_cUNZA
_dUNZA
_eRDA
050 _a ZAMB BV3520
100 _9Blood, A.G
245 _aThe history of the Universities' Mission to Central Africa /
_cBlood, A.G
260 _aLondon :
_bThe Universities' Mission to Central Africa.
_c1957.
300 _a326 pages :
_billustrations.
610 _aUniversities' Mission to Central Africa.
650 _aChurch of England
_xMissions.
650 _aAfrica, Central.
_xMissions.
710 _aUniversities' Mission to Central Africa.
942 _cZAMBIANA
999 _c216572
_d216572